BIBLIOTECA

SENCICO

Instalaciones Eléctricas : proyectos residenciales e industriales (Registro nro. 2006)

Detalles MARC
000 -LEADER
fixed length control field 00724nam a2200229Ia 4500
005 - DATE AND TIME OF LATEST TRANSACTION
control field 20251020182529.0
008 - FIXED-LENGTH DATA ELEMENTS--GENERAL INFORMATION
fixed length control field 200515s9999 xx 000 0 und d
020 ## - INTERNATIONAL STANDARD BOOK NUMBER
International Standard Book Number 978-.607-17-2094-8
082 ## - DEWEY DECIMAL CLASSIFICATION NUMBER
Classification number 696.10/R74
100 ## - MAIN ENTRY--PERSONAL NAME
Personal name Rodríguez Rocha, Julio César
245 #0 - TITLE STATEMENT
Title Instalaciones Eléctricas : proyectos residenciales e industriales
250 ## - EDITION STATEMENT
Edition statement 2a ed.
260 ## - PUBLICATION, DISTRIBUTION, ETC.
Place of publication, distribution, etc. México, D.F.
260 ## - PUBLICATION, DISTRIBUTION, ETC.
Name of publisher, distributor, etc. Trillas
260 ## - PUBLICATION, DISTRIBUTION, ETC.
Date of publication, distribution, etc. 2012
300 ## - PHYSICAL DESCRIPTION
Other physical details il., tbl., planos
500 ## - GENERAL NOTE
General note 1 ejemplar
520 ## - SUMMARY, ETC.
Summary, etc. Exponen el contenido a través de proyectos, bajo principio didáctico de aprender haciendo, con los enfoques modernos para la enseñanza.
650 ## - SUBJECT ADDED ENTRY--TOPICAL TERM
Topical term or geographic name entry element INSTALACIONES ELECTRICAS
942 ## - ADDED ENTRY ELEMENTS (KOHA)
Koha item type Libros
Existencias
Fecha de la última vez que lo usaron Pago total Signatura topográfica completa Código de barras Precio efectivo desde Tipo de documento Estado perdido Estado dañado No es para préstamo Retirado Ubicación permanente Ubicación actual Fecha de adquisición
15/05/2020   696.10/R74 Bib-Lima15052006 15/05/2020 Libros         Biblioteca Central Lima Biblioteca Central Lima 15/05/2020